Opportunities in the United States Merchant Marine / (Record no. 21900)

MARC details
000 -LEADER
fixed length control field 01288cam a22002531a 4500
001 - CONTROL NUMBER
control field e 42000358
003 - CONTROL NUMBER IDENTIFIER
control field DLC
005 - DATE AND TIME OF LATEST TRANSACTION
control field 20260227111231.0
008 - FIXED-LENGTH DATA ELEMENTS--GENERAL INFORMATION
fixed length control field 850211s1942 dcu b f000 0 eng
010 ## - LIBRARY OF CONGRESS CONTROL NUMBER
LC control number e 42000358
035 ## - SYSTEM CONTROL NUMBER
System control number (OCoLC)11683392
040 ## - CATALOGING SOURCE
Original cataloging agency DLC
Transcribing agency NWM
Modifying agency NWM
-- OCoLC
-- DLC
042 ## - AUTHENTICATION CODE
Authentication code premarc
050 00 - LIBRARY OF CONGRESS CALL NUMBER
Classification number LC1045
Item number .A27 no. 9
100 1# - MAIN ENTRY--PERSONAL NAME
Personal name Zeran, Franklin R.
245 10 - TITLE STATEMENT
Title Opportunities in the United States Merchant Marine /
Statement of responsibility, etc. Federal Security Agency, U. S. Office of Education.
260 ## - PUBLICATION, DISTRIBUTION, ETC.
Place of publication, distribution, etc. Washington, [D.C.] :
Name of publisher, distributor, etc. U.S. Govt. Print. Off.,
Date of publication, distribution, etc. 1942.
300 ## - PHYSICAL DESCRIPTION
Extent 15 p. ;
Dimensions 23 cm.
490 0# - SERIES STATEMENT
Series statement Vocational Division leaflet / United States. Office of Education ;
Volume/sequential designation no. 9.
500 ## - GENERAL NOTE
General note "By Franklin R. Zeran, specialist, Occupational Information and Guidance" : p.1.
500 ## - GENERAL NOTE
General note "References": p. 15.
501 ## - WITH NOTE
With note Copy 2 with : School lunches and education, 1942 -- Negro farm families can feed themselves, 1942 -- Professional nurses are needed, 1942 -- Family saving and spending in wartime, 1943 -- Vocational training problems when the war ends, 1943 --Professional nurses are needed, 1944 -- Teachers are needed, 1944. Washington, D.C. : U.S. Govt. Print. Off. Bound together subsequent to publication.
Institution to which field applies DLC
650 #0 - SUBJECT ADDED ENTRY--TOPICAL TERM
Topical term or geographic name entry element Merchant marine
Geographic subdivision United States.

No items available.

Powered by Koha